000 00390pab a2200157 454500
008 180718b1989 xxu||||| |||| 00| 0 eng d
100 _aAudinarayana, N.
245 _aModernisation and fertility in an urban community
260 _c1989
300 _a64-71
362 _aSep.
650 _aBirth control
700 _aN. Thenmozhi
773 _aJournal of Family Welfare
909 _a4452
999 _c4452
_d4452